| 000 | 00425nam a2200157 i 4500 | ||
|---|---|---|---|
| 001 | 25343 | ||
| 003 | ES-MaACL | ||
| 005 | 20230906153237.0 | ||
| 007 | t| | ||
| 008 | 021224s1972 sp ||||1| spa d | ||
| 100 | 1 |
_aArmas, Gabriel de. _922921 |
|
| 245 | 1 | 0 |
_aTĂș es Petrus / _cGabriel de Armas. |
| 260 |
_aLas Palmas : _b[s.n., _c1972] ( _fTip. Marcelo) |
||
| 300 |
_a92 p. ; _c20 cm. |
||
| 852 |
_aES-MaACL _jC-49506 _bR.83239 |
||
| 999 |
_c25343 _d25343 |
||